00381nam a2200133Ia 4500008004100000100003400041245005800075250001200133260004800145300000800193650002400201942000700225999001500232190216s9999||||xx |||||||||||||| ||und|| aRastogi Rp And Srivastava. Vk 0aIntroduction To Quantum Mechanics Of Chemical Systems a1st Ed. bOxford And Ibh Publishing Co. Pvt Ltdc1986 a238 aChemistry-Chemistry cBK c2712d2712